000 00535nam a22002057a 4500
005 20251108165239.0
008 250721s2003 xx 000 0 eng d
020 _a076361047X
082 1 4 _aJ/F/AYR
100 1 _aayres, katherine
_eAuth.
245 1 2 _aA Long Way /
264 1 _aد.م :
_bcandlewick press,
_c2003.
300 _a[20 P]
650 1 7 _aFICTION
650 1 7 _aCHILDREN
653 _aاطفال مرحله متوسطه ( 6 - 9 سنوات )
700 1 _atusa, tricia
_eIllus.
942 _2ddc
_cBK
999 _c23139
_d23139